000 00661nam a22002177a 4500
005 20140313100410.0
008 140109b xxu||||| |||| 00| 0 eng d
020 _a9781448855155
050 _aBF 323.L5
_b.R893 2012
100 _aRoza, Greg.
245 _aListen up :
_bknowing when and when not to speak /
_cGreg Roza.
260 _aNew York :
_bRosen Pub.,
_c2012.
300 _a80 p. :
_bill. ;
_c24 cm.
440 _aCommunicating with confidence.
504 _aIncludes Bibliographic References and Index.
521 _aMC
650 _aListening
_xJuvenile literature.
650 _aListening.
942 _2lcc
_cBK
_kFOR
999 _c25979
_d25979